| 000 | 00404nam a2200145 i 4500 | ||
|---|---|---|---|
| 001 | bg | ||
| 100 | 1 | _aCACKOWSKI, Zdzisław | |
| 245 | 0 |
_aJedność i wielkość : _bdziałanie i poznanie : wykłady z materializmu dialektycznego / _cZdzisław Cackowski. |
|
| 260 |
_aWarszawa, _c1975. |
||
| 040 | _cBPK | ||
| 041 | _apol | ||
| 080 | _a14:165 | ||
| 942 | _cKS | ||
| 008 | s pl f |000 0 pol | ||
| 999 |
_c26809 _d26809 |
||
| 856 |
_uhttp://koha.tu.koszalin.pl/cgi-bin/koha/opac-detail.pl?biblionumber=26809 _yKatalog online BPK |
||